00725nam a2200241 a 4500001001300000003000900013005001700022008004100039020002300080082001600103100001600119245004700135260004400182300000900226500003500235505001000270650002600280700001600306902000800322942000700330952012900337999001700466nice12345678IN_TiNIC20260116013701.0050524s1995 dela grp 000 0 eng  a8185220 c22500a934.02bBIS aBiswas, S K aAutochthon of India and the Aryan Invasion aDelhibInstt.Of Objective Studiesc1995 a247p aincludes index and biblioraphy2 aIndex aIndia-Ancient History1 aBiswas, S K bSRS cBK 001040708StackRoom-aHMIbHMId2007-06-06g225.00l1o934.02 BISp017204r2019-01-22s2019-01-18v225.00w2005-05-24yBK c11948d11948